00752cam a2200241 a 4500001000800000005001700008008004100025010001700066020002500083040001800108041000800126043001200134080001400146082002100160100000700181101000800188245005800196504006600254906004500320942001200365999001700377952011600394487116420180302042333.0921215s1993 nyua b 001 0 eng  a 92045682  a0195084055 :c$27.50 aDLCcDLCdDLC aeng ae-uk-en a305.2309 00a305.2309 HAN2201 a50 aSOC10aGrowing up in medieval London :cBarbara A. Hanawalt. aIncludes bibliographical references (p. [267]-279) and index. a7bcbccorignewd1eocipf19gy-gencatlg 2ddccBK c43969d43969 00102udc40708PËKGa002b002cPËKGd2018-03-02l0o305.2309 HANp002-3000782r2018-03-02w2018-03-02yBK